[Event "Sao Paulo"]
[Site "Sao Paulo"]
[Date "2004.08.24"]
[Round "9"]
[White "Anand, Viswanathan"]
[Black "Leitao, Rafael Duailibe"]
[Result "1-0"]
[WhiteElo "2782"]
[BlackElo "2573"]
[Annotator "Lukacs,P"]
[PlyCount "117"]
[EventDate "2004.08.20"]
[EventType "tourn (rapid)"]
[EventRounds "10"]
[EventCountry "BRA"]
[EventCategory "16"]
[SourceTitle "CBM 103"]
[Source "ChessBase"]
[SourceDate "2004.11.11"]
[SourceVersion "1"]
[SourceVersionDate "2004.11.11"]
[SourceQuality "1"]

1. e4 {[%mdl 4]} c6 2. d4 d5 3. Nc3 dxe4 4. Nxe4 Bf5 5. Ng3 Bg6 6. h4 h6 7. Nf3
Nd7 8. h5 Bh7 9. Bd3 Bxd3 10. Qxd3 e6 11. Bf4 Qa5+ 12. Bd2 Qc7 13. O-O-O Ngf6
14. Ne4 O-O-O {Nowadays the plans with 0-0 are more popular.} 15. g3 Be7 (15...
Nxe4 {is the well-known main line.}) 16. Nxf6 (16. Kb1) 16... Nxf6 (16... Bxf6
$6 17. Qa3 $1 a6 (17... b5 {weakens the <<.} 18. Bf4 Qb7 19. Nd2 Rhe8 20. Ne4
Be7 21. Bd6 Nf6 22. Bxe7 Qxe7 23. Nc5 $16 {M.Pavlovic-Karolyi, Benasque 1998})
(17... b6 18. Rhe1 $14) 18. Ba5 (18. Bf4 $5 Qb6 19. Bd6 $16 {deserves
attention contolling /^ a3-f8.}) 18... b6 {This is the second one.} 19. Bb4 Nb8
{This is not a nice way defending the weak P.} (19... Qb7 20. Bd6 $14) 20. Rhe1
$14 {- Vallejo Pons-Bareev, Plovdiv 2003 CBM 98}) 17. Qe2 (17. Bf4 Bd6 18. Bxd6
Rxd6 {Now Black's task is easier.} 19. Qa3 Kb8 20. Ne5 Rhd8 $11 {
Shaposhnikov-Devyatkin, playchess.com 2003}) (17. Ne5 Rhf8 18. Qc4 (18. Qe3 {
The Q is not very useful here.} Nd7 19. c4 Nxe5 20. dxe5 Qb6 21. Qxb6 axb6 $11
{Vescovi-Leitao, Sao Paulo 2004}) 18... Kb8 19. Qa4 Nd7 (19... Rd5 20. c4 Rxd4
21. Be3 $36) 20. Ba5 {This is the typical provocative move in this system.} Nb6
21. Qb3 Rd5 22. Nc4 $14 {Kulaots-Houska, Port Erin 2004}) (17. Kb1 $5) 17...
Kb8 (17... Rhe8 18. Rh4 (18. Kb1) 18... Kb8 (18... Nd5 $6 19. Rg4 Bf6 20. Re4 {
was a remarkable R manoeuvre!} Kb8 21. c4 Ka8 22. Kb1 Ne7 23. Bf4 Qa5 24. g4
$14 {Hulak-Nikolac, Yugoslavia 1979}) 19. Ne5 (19. Bf4 Bd6 $11) 19... Rf8 20.
Kb1 Ka8 $11) 18. Kb1 Ka8 {Securing the king's place for the middlegame, but in
the _|_ the K is a bit far from the [+].} 19. c4 c5 20. Bc3 cxd4 21. Nxd4 a6
22. Nf3 {The N belongs to e5.} Rxd1+ 23. Rxd1 Rd8 24. Re1 {If White wants more
he usually keeps one pair of rooks.} (24. Rxd8+ Bxd8 25. Ne5 Ne8) 24... Ne8 (
24... Bd6 25. Nd2 (25. Ne5 Bxe5 $1 26. Bxe5 Qa5 $11) 25... Qc6 26. Nb3 Rc8 27.
Bxf6 gxf6 28. Qd2 $14) 25. Ne5 Bf6 26. g4 Bxe5 (26... Nd6 $142 27. Rc1 (27. Rd1
Rc8 28. b3 Nb5 $1 29. Bb2 Na3+ 30. Bxa3 (30. Ka1 Nc2+ 31. Qxc2 Bxe5 $11) 30...
Bxe5 $11) (27. f4 Bxe5 28. Bxe5 f6 29. Bxd6 Rxd6 $11) 27... Bxe5 28. Bxe5 f6
29. Bg3 e5 30. f4 Nf7 (30... exf4 31. Bxf4 $14) 31. fxe5 Nxe5 32. c5 Qc6 33.
Bxe5 Re8 $11) 27. Bxe5 $14 {[%mdl 4096] Now a typical CK _|_ has arisen with a
bit better chances for White. Black's >> pawns may become targets.} Qc6 (27...
Qd7 28. f4 (28. Bc3 $5) 28... Qd3+ (28... f6 29. Bc3 Nc7 30. b3 $16) 29. Qxd3
Rxd3 30. Kc2 Rd8 (30... Rg3 $2 31. Rd1 $18) 31. g5 $16) (27... Qa5 28. Bc3 (28.
f4 Rd2 29. Qe3 Qd8) 28... Qc7 $14 {- 27...Qc6}) 28. Bc3 Qd7 (28... Qc7 $1 $14)
29. b3 Qc6 {Black is losing precious time.} 30. Kb2 {White strengthens his
position step by step.} Rd7 31. a4 Kb8 $6 (31... Qc7 32. Qe3 Qd8 33. Kc2 $16)
32. f4 $1 Kc8 33. g5 $1 {White has additional chances on the >>, because some
of the pawns are fixed on the colour of the B.} Qc5 34. Qe3 $1 {White is happy
to go for the _|_, this is the main idea of the entire variation.} Qxe3 35.
Rxe3 Rd1 $2 {Now White crashes through.} (35... Re7 36. f5 hxg5 37. Bxg7 $1
Nxg7 38. f6 $16) (35... Rd8 36. g6 fxg6 37. hxg6 $16) 36. g6 $1 $18 {winning
the important e6 P.} fxg6 (36... f6 37. Rxe6 $18) (36... Rd7 37. f5 $18) 37.
Rxe6 $18 Kd7 38. Rxg6 Rh1 39. Bxg7 Rxh5 (39... Nxg7 40. Rxg7+ Kc8 (40... Kc6
41. Rg6+ $18) 41. Kc3 Rxh5 42. Kd4 $18 {and the black K is cut off the 8-th
rank.}) 40. Be5 Rh2+ 41. Kc3 Rh3+ 42. Kb2 Rh2+ 43. Ka3 h5 44. a5 {fixing the
target >< b7.} h4 45. Rb6 {worsening the enemy K's position.} Kc8 46. Rh6 h3
47. Kb4 Rh1 48. Rh8 Kd7 49. Kc5 h2 50. b4 {and everything is well-defended.}
Kd8 51. Rh7 Kc8 52. Rh5 Kd7 53. f5 Rf1 54. Bxh2 Nf6 55. Rh8 Rxf5+ 56. Kb6 Rf2
57. Kxb7 Rb2 58. b5 $1 axb5 59. c5 1-0

[Event "Olympiad-36"]
[Site "Mallorca"]
[Date "2004.10.22"]
[Round "7"]
[White "Anand, Viswanathan"]
[Black "Ivanchuk, Vassily"]
[Result "1/2-1/2"]
[WhiteElo "2781"]
[BlackElo "2705"]
[Annotator "Marin,M/Stoica"]
[PlyCount "80"]
[EventDate "2004.10.15"]
[EventType "team-swiss"]
[EventRounds "14"]
[EventCountry "ESP"]
[SourceTitle "CBM 104"]
[Source "ChessBase"]
[SourceDate "2005.01.27"]
[SourceVersion "1"]
[SourceVersionDate "2005.01.27"]
[SourceQuality "1"]
[WhiteTeam "India"]
[BlackTeam "Ukraine"]
[WhiteTeamCountry "IND"]
[BlackTeamCountry "UKR"]

1. e4 e5 2. Nf3 Nf6 3. d4 Nxe4 4. Bd3 d5 5. Nxe5 Nd7 6. Nxd7 Bxd7 7. O-O Bd6 8.
c4 c6 9. cxd5 cxd5 10. Nc3 Nxc3 11. bxc3 O-O 12. Qh5 g6 13. Qxd5 Qc7 14. c4 Be6
15. Qf3 Bxc4 16. Bh6 Rfe8 17. Rfc1 b5 18. g3 Rad8 19. a4 a6 20. Rab1 Bf8 21.
Bf4 Qc8 22. Bxc4 bxc4 23. Be3 Bg7 24. Rb4 c3 25. a5 Rd7 26. Rc2 Qc7 27. Rb6
Bxd4 28. Bxd4 Rxd4 29. Rxc3 Rc4 30. Re3 Rxe3 31. Qxe3 Rc1+ 32. Kg2 Qc4 33. Qe8+
Kg7 34. Qe5+ Kh6 35. Qf4+ Qxf4 36. gxf4 Rc3 37. Rxa6 Ra3 {Compared to the
classical "tabyias" of this kind of ending, White's weak king side structure
prevents him from putting Black in serious danger.} 38. f3 ({White could have
slightly improved his structure with} 38. f5 Kg5 39. fxg6 hxg6 {but Black's
activity should be sufficient for a draw.}) 38... Kg7 39. Kg3 Ra4 40. f5 (40.
h4 h5 41. f5 (41. Ra7 Kf6 42. a6 Ra2 $11) 41... gxf5 42. f4 Ra3+ 43. Kg2 Ra4
44. Kf3 Ra3+ 45. Ke2 Rh3 $11) (40. Ra7 Kf6 41. h3 h5 42. a6 Ra2 43. f5 g5 {
and it is not obvious what could White do.}) ({Possibly the most dangerous
continuation would have been} 40. Kg4 {although Black should be able to defend.
} h5+ 41. Kg5 $5 Ra2 (41... f6+ $6 42. Rxf6 Rxa5+ 43. f5) 42. h3 (42. f5 Rg2+
43. Kh4 Rxh2+ 44. Kg3 Ra2 $11) 42... f6+ 43. Kh4 Kf7 44. Kg3 (44. f5 Ra4+ 45.
Kg3 h4+ 46. Kf2 gxf5 47. Ra8 f4 $11) 44... Ra4 45. h4 Ke7 46. f5 gxf5 47. f4
Kf7 {and the weakness of the seventh rank has no serious consequences for
Black:} 48. Ra8 Ra3+ 49. Kf2 Ra4 50. Ke3 Kg6 51. a6 Kg7 52. a7 {(cum altfel?)}
Ra1 53. Kd4 Ra2 54. Kc5 Ra6 55. Kb5 Ra1 56. Kc6 Kf7 $1 (56... Ra2 $2 57. Rc8 $1
Rxa7 58. Rc7+ Rxc7+ 59. Kxc7 $18) 57. Rh8 (57. Kb6 Rb1+ 58. Kc5 Ra1 $11) 57...
Rxa7 58. Rh7+ Ke6 59. Rxa7 {stalemate!}) 40... g5 $1 {/\ h5=} (40... gxf5 41.
Ra7 (41. h3 f6 42. Kf2 Kg6) 41... Kg6 42. a6 {would have allowed White play on
for a while.}) 1/2-1/2

[Event "Corsica Masters rap 08th"]
[Site "Bastia"]
[Date "2004.11.02"]
[Round "1.2"]
[White "Anand, Viswanathan"]
[Black "Sulava, Nenad"]
[Result "1-0"]
[WhiteElo "2781"]
[BlackElo "2477"]
[PlyCount "33"]
[EventDate "2004.10.31"]
[EventType "k.o. (rapid)"]
[EventRounds "4"]
[EventCountry "FRA"]
[SourceTitle "EXT 2005"]
[Source "ChessBase"]
[SourceDate "2004.11.15"]
[SourceVersion "1"]
[SourceVersionDate "2004.11.15"]
[SourceQuality "1"]

1. e4 e6 2. d4 d5 3. Nc3 dxe4 4. Nxe4 Nd7 5. Nf3 Ngf6 6. Bg5 h6 7. Nxf6+ Nxf6
8. Bh4 c5 9. Ne5 a6 10. c3 Be7 11. dxc5 Qxd1+ 12. Rxd1 Bxc5 13. Rd8+ Kxd8 14.
Nxf7+ Ke7 15. Nxh8 g5 16. Bg3 Ne4 17. Bd3 1-0

[Event "Keres Memorial rap2"]
[Site "Tallinn"]
[Date "2004.11.26"]
[Round "1"]
[White "Nyback, Tomi"]
[Black "Anand, Viswanathan"]
[Result "0-1"]
[WhiteElo "2554"]
[BlackElo "2781"]
[Annotator "Golod,V"]
[PlyCount "66"]
[EventDate "2004.11.26"]
[EventType "tourn (rapid)"]
[EventRounds "5"]
[EventCountry "EST"]
[EventCategory "14"]
[SourceTitle "CBM 105"]
[Source "ChessBase"]
[SourceDate "2005.04.11"]
[SourceVersion "1"]
[SourceVersionDate "2005.04.11"]
[SourceQuality "1"]

1. d4 Nf6 2. c4 e6 3. Nc3 Bb4 4. Qc2 d5 5. cxd5 Qxd5 6. e3 c5 7. Bd2 Bxc3 8.
Bxc3 cxd4 9. Bxd4 Nc6 10. Bc3 O-O 11. Nf3 Rd8 $5 {Besides Black has two
principales moves: 11...Qc5!? and 11...b6.} 12. Be2 Qe4 $5 ({It deserves
serious attention:} 12... Qc5 $5 {You can see my annotations to game: Bareev,
E-Sakaev,K/Moscow,2001/CBM 86(1-0)(25)}) 13. Rc1 $6 {After this inaccurate
move,White can not receive,even the minimal positional advantage.} ({The most
basic continuation:} 13. Qb3 {For further details you can see my comments to
Karpov,A-Vescovi,G/Sao Paulo,2004/CBM 103(1/2-1/2)(42)}) 13... Qxc2 14. Rxc2
Nd5 $11 15. a3 $146 {According to my database it's a novelty.In previous game
White chose:} (15. O-O Nxc3 (15... Ndb4 $6 16. Bxb4 Nxb4 17. Rc4 Nc6 (17...
Nxa2 $4 18. Ra4 {פa2}) 18. b4 {+/=/=}) 16. Rxc3 {1/2-1/2 Onischuk,A-Anand,V/
Bastia,2000}) 15... f6 $1 {Viswanathan Anand didn't want absolute equality,
after normal continuation:} (15... Nxc3 16. Rxc3 Bd7 {and so on.}) 16. Bd2 ({
Good enough for equality:} 16. O-O e5 17. Bc4 Kf8 18. Bxd5 (18. e4 $5 Nxc3 19.
Rxc3 Bg4 $140 20. Bd5 $11) 18... Rxd5 19. e4 Rd6 20. Rd2 {and so on.}) 16... e5
{Now black's B begins to work on a /^c8-h3.} 17. Bc4 $6 {It's discrepancy,
which allows to improve a position of the black's pieces.} (17. e4 $5 Nb6 (
17... Nf4 18. Bxf4 exf4 19. O-O Be6 $11) 18. h3 Be6 19. Be3 Kf7 $11) 17... Bf5
$1 {/^b1-h7 Viswanathan Anand wants to reach the weakest place in camp of the
contender- point"d3".} 18. Rc1 Kh8 {Black have hidden the king and now can
quietly begin game on centre and queen side.} 19. Ke2 ({Probably it was a
little better:} 19. O-O Nb6 20. Be2 Bd3 $1 (20... e4 $143 21. Nd4 $8 Nxd4 22.
exd4 Rxd4 23. Be3 $44 {[%csl Ye2,Ge3]}) 21. Bxd3 Rxd3 22. Rc2 Rad8 {=/+/=}) (
19. Nh4 $6 Be6 20. e4 Nc7 21. Bxe6 Nxe6 22. Nf5 Rac8 $36) 19... Nb6 20. Bb5 (
20. Ba6 $143 bxa6 $1 21. Rxc6 Bd3+ 22. Ke1 Nc4 {with obvious advantage of
Black.}) 20... Rd5 $1 $15 {Viswanathan Anand agrees to sacrifice of the pawn,
that to grasp field "d3".} 21. Bxc6 (21. a4 Rad8 {/\a6(><d3)|^}) 21... Bd3+ 22.
Ke1 (22. Kd1 $143 bxc6 {and absolutely not clearly, what to do further.For
example:} 23. Rxc6 $2 Be4 {[%csl Rc6,Rd2,Ge4,Yf3][%cal Gd5d2,Ga8d8,Ge4f3]})
22... bxc6 {Now Rh1 will have a long rest :)} 23. b3 $2 {In my opinion,it was
necessary to take away of the pawn:} (23. Rxc6 Rad8 24. Rc1 Na4 (24... Nc4 $5
25. Bc3 Rb5 {קb2}) 25. b3 Nc5 26. b4 Nb3 (26... Ne4 $5) 27. Rc3 Nxd2 $1 28.
Nxd2 $140 Be4 $8 29. Nxe4 Rd1+ 30. Ke2 Rxh1 31. h3 (31. Rc7 $5 {[%csl Ga3,Ra7,
Gb4]}) 31... Rhd1 $15) 23... c5 $17 {Now we have a material equality on the
board,but Black has a obvious advantage,as Rh1 does not take part in game.} 24.
Bc3 ({Hardly it was better:} 24. a4 a5 25. Bc3 c4 26. bxc4 Nxc4 27. Nd2 Nb6 {
קa4}) 24... c4 $1 {All Black's pieces (except Ra8) have occupied ideal
positions and are ready to opening a <->b;<->c.} 25. Nd2 cxb3 26. Nxb3 Nc4 {
White can not simultaneously protect all weaknesses.} 27. a4 {Tomi Nyback had
no other worthy alternative:} (27. Bb4 $143 a5 28. Be7 e4 $1 (28... Re8 $6 29.
e4 $1 Rd7 30. Bxf6 gxf6 31. Nc5 Red8 32. Nxd7 (32. Nxd3 $4 Rxd3 33. Rxc4 Rd1+)
32... Rxd7 $17) 29. Nc5 Rc8 30. Nxd3 exd3 $19) 27... Rad8 {<->d} 28. Bd2 (28.
Nd2 $2 Nxd2 29. Bxd2 Be4 $19 {[%csl Rd2,Rg2]}) 28... Rb8 29. Rc3 ({After:} 29.
e4 Rdd8 30. Rc3 $140 Bxe4 $1 {White gets a very hard endgame:} 31. Rxc4 Rxb3
32. f3 (32. Rxe4 $2 Rb1+) 32... Rb1+ 33. Rc1 (33. Bc1 $143 Bd5 34. Rc7 Ra1 $19)
33... Rxc1+ 34. Bxc1 Bc2 {[%csl Ra4,Re1,Rh1][%cal Gc2a4,Gd8d1]} 35. Kf2 Bxa4 {
-/+/-+}) 29... h6 {It's important preventive move!} 30. f3 Nxd2 $1 31. Nxd2 {
Also leads to immediate disaster:} (31. Kxd2 Bf1+ (31... Bb5+ $5) 32. Kc2 Bxg2
33. e4 Bxh1 $1 34. exd5 $140 Rd8 35. Rd3 e4 $19) 31... Rb2 $19 32. Rc1 (32. e4
Bxe4 33. fxe4 (33. Nxe4 Rb1+) 33... Rdxd2 $19) 32... Ba6 {[%csl Rd2,Rg2]} 33.
Rd1 Rd3 (33... Rd3 {After this move Tomi Nyback resigns,because of next
variants:} 34. Nf1 (34. e4 Re3+ 35. Kf2 Re2+) 34... Rxd1+ 35. Kxd1 Rb1+) 0-1

[Event "Keres Memorial rap2"]
[Site "Tallinn"]
[Date "2004.11.26"]
[Round "2"]
[White "Anand, Viswanathan"]
[Black "Kulaots, Kaido"]
[Result "1-0"]
[WhiteElo "2781"]
[BlackElo "2597"]
[Annotator "Ftacnik,L"]
[PlyCount "109"]
[EventDate "2004.11.26"]
[EventType "tourn (rapid)"]
[EventRounds "5"]
[EventCountry "EST"]
[EventCategory "14"]
[SourceTitle "CBM 105"]
[Source "ChessBase"]
[SourceDate "2005.04.11"]
[SourceVersion "1"]
[SourceVersionDate "2005.04.11"]
[SourceQuality "1"]

1. e4 c5 2. Nf3 d6 3. d4 cxd4 4. Nxd4 Nf6 5. Nc3 a6 6. f3 e6 7. Be3 b5 8. Qd2
Nbd7 9. g4 Nb6 10. a4 Nc4 11. Bxc4 bxc4 12. a5 (12. O-O Bb7 13. g5 (13. b4 cxb3
14. Rab1 Be7 15. Rxb3 Qc7 16. Rfb1 Bc8 17. Rb6 Nd7 18. Rc6 Qd8 19. f4 Rb8 20.
Qc1 O-O 21. Rc4 Bb7 22. Nc6 Bxc6 23. Rxc6 Rc8 24. Rxc8 Qxc8 25. Qd2 Qc6 {
Almagro Llanas,P-Anand,V/Mirabal 2001/ 0-1 (44)}) 13... Nd7 14. f4 Nc5 15. Qg2
g6 16. Rad1 Qc7 17. Qg4 h6 18. f5 gxf5 19. exf5 e5 20. Ne6 fxe6 21. Qh5+ Kd8
22. f6 Qc6 {Anand,V-Kasparov,G/Kopavogur 2000/ 0-1 (26)}) 12... Bb7 13. Na4 {
[%mdl 4] The concept is known from the older game of Firman, Anand plays the
line in a pure positional style.} (13. O-O Be7 14. Na4 Nd7 15. Qb4 Qc8 16. Nb6
Nxb6 17. axb6 d5 18. Qa4+ Qd7 19. exd5 Bxd5 20. b3 Bc5 21. bxc4 Bxd4 22. Qxd7+
Kxd7 23. Bxd4 Bxc4 24. Bxg7 Rhg8 25. Rfd1+ Kc6 26. Be5 {Firman,N-Markos,J/
Balatonlelle 2001/ 1-0 (63)}) 13... Nd7 (13... d5 14. e5 Nd7 15. f4 Qh4+ 16.
Bf2 Qxg4 17. Rg1 {1/2-1/2 Vescovi,G-Gelfand,B/Bermuda 2005/}) 14. O-O-O Qc7 (
14... d5 15. exd5 Bxd5 16. Rhe1 Rb8 17. Bg5 Qc8 18. Nf5 $13) 15. Ne2 Be7 (15...
d5 16. Nb6 Nxb6 17. Bxb6 Qc6 18. Nc3 dxe4 19. Nxe4 Qa4 20. Kb1 Bxe4 21. fxe4
Rc8 22. Qc3 $14) 16. Nb6 Nxb6 (16... Rb8 17. Qd4 Ne5 18. f4 Ng6 19. Rhf1 $14)
17. Bxb6 Qc6 18. Nc3 O-O 19. Rhe1 Rfe8 (19... Rab8 20. f4 Bc8 21. g5 $36) 20.
f4 {White has got a complete grip on the center and plans to advance kingside
pawns against little resistance.} Qc8 (20... Rab8 21. g5 Bc8 22. h4 $36) 21. g5
d5 $6 (21... Rb8 22. h4 $14) 22. exd5 Bxd5 23. Nxd5 exd5 24. Qxd5 c3 25. b3 (
25. Kb1 cxb2 26. Qd7 Kf8 27. Re3 Rb8 (27... Bb4 28. Qd4 Be7 29. Rde1 $18) 28.
Qxc8 Rexc8 29. Kxb2 $16) 25... Bb4 26. Kb1 (26. f5 Rxe1 27. Rxe1 Rb8 28. g6 $18
) 26... Qg4 27. Rg1 $6 {Anand is sometimes lazy at the board, he was certainly
capable of calculating the beautiful combination starting with 27.Bd8!! till
the winning end.} (27. Bd8 $3 Raxd8 28. Qxd8 Rxd8 29. Rxd8+ Bf8 30. Ree8 h5 (
30... Qg1+ 31. Ka2 Qc5 32. Rxf8+ Qxf8 33. Rxf8+ Kxf8 34. b4 Ke7 35. b5 Kd6 36.
b6 Kc6 37. Kb3 $18) 31. g6 Qg1+ 32. Ka2 Qc5 33. Rxf8+ Qxf8 34. Rxf8+ Kxf8 35.
b4 fxg6 36. b5 $18) 27... Qe2 (27... Qxf4 $2 28. Rd4 $18) 28. f5 Qe5 29. Qc4 (
29. Rg4 Qxd5 30. Rxd5 Ba3 31. Rgd4 $16) 29... Qb5 30. Rd5 (30. Qd5 Qxd5 31.
Rxd5 Re2 32. Rd4 Ba3 33. h4 $16) 30... Qxc4 31. bxc4 Rab8 32. Ka2 Re2 33. Rc1 {
Not the nice move, but the threat of c4-c5 forces blacks hand.} (33. Rb1 Rxc2+
34. Kb3 Rb2+ 35. Rxb2 cxb2 36. Kxb2 Bxa5 37. Rxa5 Rxb6+ 38. Kc3 $14) 33... h6 (
33... Be7 34. h4 Re4 35. Kb3 Rxh4 36. Rg1 $14) 34. h4 (34. c5 $1 Rd2 35. Re5
hxg5 36. Re4 $18) 34... Re4 35. Rcd1 (35. c5 $2 Bxa5 $1) 35... Rxc4 (35... Rxh4
36. Rd8+ Rxd8 37. Rxd8+ Kh7 38. Kb3 Be7 39. Ra8 Bxg5 40. c5 $18) 36. R1d4 (36.
Rd8+ Rxd8 37. Rxd8+ Kh7 38. gxh6 Be7 (38... gxh6 39. Bd4 Rxd4 40. Rxd4 Bxa5 41.
h5 $18) (38... g6 39. Bd4 gxf5 40. Kb3 Rxd4 41. Rxd4 Bxa5 42. Rd7 $18) 39. Ra8
gxh6 40. Kb3 Rf4 41. Rxa6 $18) 36... Rxd4 37. Rxd4 Be7 (37... Bf8 38. g6 $16)
38. g6 (38. Rd7 Re8 39. f6 gxf6 40. gxh6 Kh7 41. Ra7 Kxh6 42. Rxa6 Kh5 43. Ra7
$16) 38... Bf6 39. Re4 (39. Rd7 fxg6 40. fxg6 Bxh4 41. Kb3 Bf6 42. Ra7 h5 43.
Kc4 $14) 39... Rc8 {Kulaots is positionally cramped and faces problems on the
basic rank. The pawn on a6 is very weak and will become white's target.} (39...
h5 40. Ka3 Kf8 41. Bc5+ Kg8 42. Bb4 $16) 40. h5 $1 Kf8 41. Kb3 Be7 (41... Rb8
42. Kc4 Rc8+ 43. Bc5+ Kg8 44. Kd5 Bg5 45. Kd6 $18) 42. Rc4 Rb8 (42... Rxc4 43.
Kxc4 Bf6 44. Bd4 $18) 43. Kxc3 Ke8 44. Rc7 fxg6 45. fxg6 Bf6+ (45... Bd8 46.
Rf7 Bxb6 47. axb6 Rxb6 48. Rxg7 Rc6+ 49. Kb3 $18) 46. Kc4 Rd8 47. Ra7 Rd2 48.
c3 Rh2 (48... Rc2 49. Rxa6 Rxc3+ 50. Kd5 Kd7 51. Ra7+ Kc8 52. Rf7 Kb8 53. Bc5
$18) 49. Rxa6 {Now white a pawn will become unstoppable.} Rxh5 50. Ra7 Rg5 51.
a6 Rg4+ (51... Rxg6 52. Rb7 Rg3 53. a7 Rxc3+ 54. Kb4 $18) 52. Kb3 Rxg6 53. Rb7
Rg3 54. a7 Rxc3+ 55. Kb4 1-0